000 00907nam a2200181Ia 4500
008 090630s9999 xx 000 0 und d
082 _b24850
100 _aअभ्यंकर रा. वि. / सौ ठाकूर निमा.
245 _aमंत्र; यंत्र आणि व्रतवैकल्ये.
_cअभ्यंकर रा. वि. / सौ ठाकूर निमा.
260 _bआमोद - मुंबई.
_c2005
300 _a96
600 _aअभ्यंकर रा. वि. / सौ ठाकूर निमा.
630 _aमंत्र; यंत्र आणि व्रतवैकल्ये.
655 _aधार्मिक.
700 _aअभ्यंकर रा. वि. / सौ ठाकूर निमा.
730 _aमंत्र; यंत्र आणि व्रतवैकल्ये.
942 _cBOOK
999 _c276706
_d276706